MDQL
is popping MORE tags! Check the
thread
!
Quizzes
Events
Quiz Creation
Community
Videos
Private Events
Remove Ads
Sign In
Join for FREE
Feedback
Dark Mode
Quiz Categories
Sports
Geography
Music
Movies
Television
Just For Fun
Miscellaneous
History
Literature
Language
Science
Gaming
Entertainment
Religion
Holiday
For Kids
Quiz Lab
Recent
Popular Today
Quiz Kudos Today
Editor Picks
Curator Picks
Quizzes by...
Day
Popularity
Type
Ratings
Length
Year
Community
Subscriptions
Recent Discussions
Orange Saloon
Badges
Playlists
Quests
Create
Leaderboards
Showdown
Live 5
Trivia Bingo
Activity
Puzzle Library
Sporcle Events
Private Events
Virtual Trivia
Globe League
Become a Host
Pub Owners
SporcleCon
Opinionation
Our Games
Videos
Blog
Mobile Apps
Partnerships
Remove Ads and Go Orange
Feedback
Sports
Athletes
MLB
NBA
NHL
NFL
Soccer
Sports Teams
WWE
NCAA
Football
Premier League
Basketball
Baseball
Hockey
Golf
Tennis
Cricket
Rugby
Auto Racing
Olympics
World Cup
Sports
Athletes
MLB
NBA
NHL
NFL
Soccer
Sports Teams
WWE
NCAA
Football
Premier League
Basketball
Baseball
Hockey
Golf
Tennis
Cricket
Rugby
Auto Racing
Olympics
World Cup
Random Quiz
Search Sporcle
×
Quiz Lab
Quiz Lab
Sports
NBA
Type in answers that appear in a list
Type in answers that appear in a list
Classic
Best Score? Go Orange.
Top NBA Rebounders By Team Stats
Can you name the leading rebounder for each team this season as of 11/27/2009?
By
Sp0rcler
4m
30 Questions
598 Plays
598 Plays
598 Plays
Comments
Comments
Give Quiz Kudos
Give Quiz Kudos
-
- Ratings
hide this ad
Replay
Link that replays current quiz
Next Quiz
Link to next quiz in quiz playlist
You Got
0%
They Got
Avg Score
75%
Avg Friend Score
Upgrade to see
Score Distribution
Jump to the score distribution portion of the page
Score
0/30
Timer
04:00
0
Plays Today
Team
Player
% Correct
Boston Celtics
Kevin Garnett
98.3%
Toronto Raptors
Chris Bosh
93.1%
San Antonio Spurs
Tim Duncan
93%
Los Angeles Lakers
Pau Gasol
93%
Memphis Grizzlies
Marc Gasol
92.6%
Orlando Magic
Dwight Howard
90.6%
Detroit Pistons
Ben Wallace
89.3%
Charlotte Bobcats
Gerald Wallace
89.3%
New York Knicks
David Lee
87.6%
Utah Jazz
Carlos Boozer
87.6%
Phoenix Suns
Amar'e Stoudemire
83.3%
New Jersey Nets
Brook Lopez
80.9%
Chicago Bulls
Joakim Noah
79.8%
Minnesota Timberwolves
Al Jefferson
78.8%
Oklahoma City Thunder
Kevin Durant
78.3%
Team
Player
% Correct
Washington Wizards
Brendan Haywood/Antawn Jamison
75.6%
New Orleans Hornets
Emeka Okafor
74.1%
Milwaukee Bucks
Andrew Bogut
73.9%
Denver Nuggets
Nene Hilario
72.9%
Los Angeles Clippers
Marcus Camby
71.7%
Portland Trail Blazers
Greg Oden
70.9%
Miami Heat
Udonis Haslem
68.7%
Atlanta Hawks
Al Horford
67.9%
Dallas Mavericks
Erick Dampier
67.2%
Houston Rockets
Luis Scola
62%
Philadelphia 76ers
Andre Iguodala
59.5%
Indiana Pacers
Troy Murphy
53.5%
Cleveland Cavaliers
Anderson Varejao
53%
Golden State Warriors
Andris Biedrins
45.5%
Sacramento Kings
Jason Thompson
35.8%
Quiz Playlist
Details
Report
Send in Message
Add To Playlist
Classic:
Type in answers that appear in a list
Quiz Source
Last Updated: Feb 16, 2017
Quiz Scoreboard
CHALLENGE
Sign Up to Join the Scoreboard
Show All
Scores
Hide
Comments
May contain spoilers
Recently Published
Find the 'City' Movie
by crazypaving
Movies
60s
5x2 Blitz: Bands
by SL_Kpop136
Music
30s
Colored Red Africa Blitz
by spor1
Geography
30s
More to Explore
Quiz From the Vault
Featured Blog Post
14 Easter Pick-up Lines to Find Eggs With
hide this ad
You Might Also Like...
Tags
Basketball Quiz
NBA Quiz
2009
Leading
Player
reb
rebounds
season
team
Today's Top Quizzes in Sports
Browse Sports
hide this ad
Today's Top Quizzes in NBA
Browse NBA
Top Contributed Quizzes in Sports
1
Players with Multiple 50 Home Run Seasons
2
Criteria MLB: Left Handed Sluggers
3
MLB Players with Two .350 Batting Average Seasons
4
Who Hit More Homers?
5
Premier League Clubs since 2000 (minefield)
6
Who Needs Fielders?
7
2020 F1 Drivers Logic Puzzle
8
Les entraîneurs de l'OM et du PSG au 21e siècle
9
Top 10 NHL Goal Scorers of All Time
10
MLB Hall of Famer by Rings
Explore More
Trending Topics
Kpop
Anime
Marvel
Disney
NBA
Harry Potter
Crossword
The Office
Song
WWE
Soccer
Puzzle
NFL
Pokémon
Country
hide this ad
More By:
Sp0rcler
Quiz
Plays
Rating
Category
Featured
Created
NBA Team Logos
1,641
2.63
Sports
Nov 7, 2009
Top NBA Rebounders By Team
598
4.60
Sports
Nov 28, 2009
09/10 Portland Trail Blazers
386
5.00
Sports
Oct 30, 2009
NBA Scoring Leaders By Jersey Number
165
1.00
Sports
May 30, 2010
Go to Creator's Profile
Score Distribution
Quiz Creator Spotlight
Sp0rcler
Follow
Send a Message
Quizzes Created
-
Created Quiz Play Count
-
More By This Creator
Popular Quizzes Today
1
Colored Red Africa Blitz
2
Find the 'City' Movie
3
5x2 Blitz: Bands
4
Find the US States - No Outlines Minefield
5
The Countries of the World
6
Find the US States
7
US States
8
9x9 Crossword: Cartoon Network
More Sports Quizzes
Federer Final Losers
Published
Trending Quizzes
Colored Red Europe Blitz I
Colored Red Africa Blitz II
Colored Red Europe Blitz II
Colored Red Europe Blitz III
Colored Red Africa Blitz III
Recently Updated
Famous TV Couples
Peacemaker
Champions League XIs: Real Madrid
pecheneg
Largest US Cities 1790-2010
pecheneg
Rides in Walt Disney World
pecheneg
Most Oscar Losses (Acting)
pecheneg
Beyoncé Albums
pecheneg
Leaping Animals
pecheneg
Reality TV Shows (A-Z)
bhenderson79
Rickey Henderson's Hall of Fame Teammates
pecheneg
Champions League XIs: Arsenal
pecheneg
Trending Topics
Crossword
Disney
Kpop
Anime
Marvel
Harry Potter
NBA
The Office
WWE
Puzzle
Country
Song
Pokémon
Soccer
NFL
Your Account Isn't Verified!
In order to create a playlist on Sporcle, you need to verify the email address you used during registration. Go to your
Sporcle Settings
to finish the process.
Report this User
Report this user for behavior that violates our
Community Guidelines
.
Details:
Send Report
Go to the Sporcle.com Mobile Site →
Comments